| 000 | 00000nam##2200000za#4500 |
| 001 | 9.606600 |
| 003 | CaOODSP |
| 005 | 20210624212716 |
| 007 | cr ||||||||||| |
| 008 | 150406|1989||||xxc|||||o f|0| 0 fre|d |
| 022 | |a1488-545X |
| 040 | |aCaOODSP|bfre |
| 043 | |an-cn--- |
| 086 | 1 |aFs97-6/1698F-PDF |
| 110 | 1 |aCanada. |bMinistère des pêches et des océans. |
| 245 | 10|aAbondance, composition spécifique et biomasse du phytoplankton de l'Estuaire moyen du Saint-Laurent / |h[ressource électronique]|c[par] Hélène Desilets, Jean Painchaud et Jean-Claude Thérriault. |
| 260 | |aMont-Joli - Québec : |bPêches et Océans Canada |c1989. |
| 300 | |a78p.|bfigures, références, tableaux |
| 490 | 1 |aRapport technique canadien des sciences halieutiques et aquatiques|x1488-545X|vN° 1698 |
| 500 | |aSur la p. de t. : Institut Maurice Lamontagne, Mont Joli, (Québec). Le n° de catalogue et l'ISSN de l'édition imprimée apparaissent dans cette version électronique. |
| 546 | |a(Abstract in English). |
| 590 | |a14-04-Supp|b2014-02-05 |
| 720 | 1 |aDésilets, Hélène |
| 720 | 1 |aPainchaud, Jean |
| 720 | 1 |aThérriault, Jean-Claude |
| 830 | #0|aRapport technique canadien des sciences halieutiques et aquatiques,|x1488-545X|vN° 1698|w(CaOODSP)9.500867 |
| 856 | 40|ahttp://publications.gc.ca|qPDF|s3326 Ko|uhttps://publications.gc.ca/collections/collection_2014/mpo-dfo/Fs97-6-1698-fra.pdf|yN° 1698 |